UMP Asia city consultations on urban poverty alleviation (Record no. 486267)

000 -LEADER
fixed length control field 00686cam a22001697a 4500
008 - FIXED-LENGTH DATA ELEMENTS--GENERAL INFORMATION
fixed length control field 180718b2002 xxu||||| |||| 00| 0 eng d
082 ## - DEWEY DECIMAL CLASSIFICATION NUMBER
Classification number Q31x5 L872
100 ## - MAIN ENTRY--PERSONAL NAME
Personal name United Nations Development Programme. Urban Management Programme, Regional Office for Asia and the Pacific
245 ## - TITLE STATEMENT
Title UMP Asia city consultations on urban poverty alleviation
Statement of responsibility, etc. by Regional Office for Asia and the Pacific, Urban Management Programme
260 ## - PUBLICATION, DISTRIBUTION, ETC.
Place of publication, distribution, etc. New Delhi
Name of publisher, distributor, etc. Kriti Creations
Date of publication, distribution, etc. 2002
300 ## - PHYSICAL DESCRIPTION
Extent 66p
440 ## - SERIES STATEMENT/ADDED ENTRY--TITLE
Title Looking Back Looking Forward
650 ## - SUBJECT ADDED ENTRY--TOPICAL TERM
Topical term or geographic name entry element Poor - Asia
700 ## - ADDED ENTRY--PERSONAL NAME
Personal name World Bank
700 ## - ADDED ENTRY--PERSONAL NAME
Personal name United Nations Development Programme
700 ## - ADDED ENTRY--PERSONAL NAME
Personal name United Nations Human Settlements Programme
Holdings
Withdrawn status Lost status Damaged status Not for loan Permanent Location Current Location Date acquired Full call number Barcode Date last seen Price effective from Koha item type
        Indian Institute of Public Administration Indian Institute of Public Administration 2018-08-04 Q31x5 L872 GG25660 2018-08-04 2018-08-04 GG

Powered by Koha